University Home | Library Home | Institutional Repository

Textes inedits d'Emile Banning. (Record no. 165930)

MARC details
000 -LEADER
fixed length control field 01272cam0a220022900 4500
001 - CONTROL NUMBER
control field tmp15223877
003 - CONTROL NUMBER IDENTIFIER
control field UPRA
005 - DATE AND TIME OF LATEST TRANSACTION
control field 20190826103518.0
008 - FIXED-LENGTH DATA ELEMENTS--GENERAL INFORMATION
fixed length control field 950718s1955 be fre u
035 ## - SYSTEM CONTROL NUMBER
System control number (Sirsi) r105056
035 ## - SYSTEM CONTROL NUMBER
System control number (UPRA)tmp15223877
040 ## - CATALOGING SOURCE
Transcribing agency UPRA
100 1# - MAIN ENTRY--PERSONAL NAME
Personal name Stengers, J.
Linkage A62048.1
245 10 - TITLE STATEMENT
Title Textes inedits d'Emile Banning.
260 ## - PUBLICATION, DISTRIBUTION, ETC.
Place of publication, distribution, etc. Bruxelles,
Date of publication, distribution, etc. 1955.
490 1# - SERIES STATEMENT
Series statement Academie Royale des Sciences d'outre-mer. Classe des Sciences Morales et Politiques. Memoires in-8 . Nouv. Ser. ;
Volume/sequential designation t. 2, fasc. 3 et dernier
600 10 - SUBJECT ADDED ENTRY--PERSONAL NAME
Personal name Banning, Emile, 1836-1898.
Dates associated with a name Banning, Emile, 1836-1898.
Linkage S48346.1
651 #0 - SUBJECT ADDED ENTRY--GEOGRAPHIC NAME
Geographic name Zaire -- History.
General subdivision Zaire -- History.
Linkage S22061.1
810 2# - SERIES ADDED ENTRY--CORPORATE NAME
Corporate name or jurisdiction name as entry element Academie royale des sciences d'outre-mer. Classe des sciences morales et politiques. Memoires in-8 . Nouv. Ser ;
Subordinate unit Academie royale des sciences d'outre-mer. Classe des sciences morales et politiques. Memoires in-8 . Nouv. Ser ;
Title of a work Academie royale des sciences d'outre-mer. Classe des sciences morales et politiques. Memoires in-8 . Nouv. Ser ;
Name of part/section of a work Academie royale des sciences d'outre-mer. Classe des sciences morales et politiques. Memoires in-8 . Nouv. Ser ;
Volume/sequential designation t. 2, fasc. 3 et dernier
Linkage S9893.1
949 ## - LOCAL PROCESSING INFORMATION (OCLC)
a DT1.A2
w lcc
i -149238
m MAIN
t BOOK
l ON-SHELF

No items available.

© 2026 - The University of Zambia Library - Koha v25.11